<?xml version="1.0" encoding="UTF-8"?>
<collection xmlns:xsi="http://www.w3.org/2001/XMLSchema-instance" xsi:schemaLocation="http://www.loc.gov/MARC21/slim http://www.loc.gov/standards/marcxml/schema/MARC21slim.xsd" xmlns="http://www.loc.gov/MARC21/slim">
 <record>
  <leader>00000cam a22000003a 4500</leader>
  <controlfield tag="001">UP-1685594773861846051</controlfield>
  <controlfield tag="003">Buklod</controlfield>
  <controlfield tag="005">20110905104143.0</controlfield>
  <controlfield tag="006">g||| |     ||   ||</controlfield>
  <controlfield tag="007">ta</controlfield>
  <controlfield tag="008">110905s2010    xx     d     r    |||| u|</controlfield>
  <datafield tag="020" ind1=" " ind2=" ">
   <subfield code="a">9781405175807 (hc : alk. paper)</subfield>
  </datafield>
  <datafield tag="020" ind1=" " ind2=" ">
   <subfield code="a">140517580X (hc : alk. paper)</subfield>
  </datafield>
  <datafield tag="035" ind1=" " ind2=" ">
   <subfield code="a">(iLib)UPBAG-00008888548</subfield>
  </datafield>
  <datafield tag="090" ind1=" " ind2=" ">
   <subfield code="a">P 130.5</subfield>
   <subfield code="b">H36</subfield>
  </datafield>
  <datafield tag="245" ind1="0" ind2="4">
   <subfield code="a">The Handbook of language contact</subfield>
   <subfield code="c">edited by Raymond Hickey.</subfield>
  </datafield>
  <datafield tag="264" ind1=" " ind2="1">
   <subfield code="a">Malden, Mass.</subfield>
   <subfield code="b">Wiley-Blackwell</subfield>
   <subfield code="c">2010.</subfield>
  </datafield>
  <datafield tag="300" ind1=" " ind2=" ">
   <subfield code="a">xvii, 863 p.</subfield>
   <subfield code="b">ill., maps</subfield>
   <subfield code="c">26 cm</subfield>
  </datafield>
  <datafield tag="490" ind1="0" ind2=" ">
   <subfield code="a">Blackwell handbooks in linguistics</subfield>
  </datafield>
  <datafield tag="504" ind1=" " ind2=" ">
   <subfield code="a">Includes bibliographical references and indexes.</subfield>
  </datafield>
  <datafield tag="505" ind1="0" ind2=" ">
   <subfield code="a">Notes on contributors -- Language contact: reconsideration and reassessment / Raymond Hickey -- Part I. Contact and linguistics: 1. Contact explanations in linguistics / Sarah Thomason -- 2. Genetic classification and language contact / Michael Noonan -- 3. Contact, convergence, and typology / Yaron Matras -- 4. Contact and grammaticalization / Bernd Heine and Tania Kuteva -- 5. Language contact and grammatical theory / Karen P. Corrigan -- 6. Computational models and language contact / April McMahon -- Part II. Contact and change: 7. Contact and language shift / Raymond Hickey -- 8. Contact and borrowing / Donald Winford -- 9. Contact and code-switching / Penelope Gardner-Chloros -- 10. Contact and dialectology / David Britain -- 11. Contact and new varieties / Paul Kerswill -- 12. Contact and change: Pidgins and creoles / John Holm -- Part III. Contact and society: 13. Scenarios for language contact / Pieter Muysken -- 14. Ethnic identity and linguistic contact / Carmen Fought -- 15. Contact and sociolinguistic typology / Peter Trudgill -- 16. Contact and language death / Suzanne Romaine -- 17. Fieldwork in contact situations / Claire Bowern -- Part IV. Case studies of contact: 18. Macrofamilies, macroareas, and contact / Johanna Nichols -- 19. Contact and prehistory: The Indo-European Northwest / Theo Vennemann -- 20. Contact and the history of Germanic languages / Paul Roberge -- 21. Contact and the early history of English / Markku Filppula -- 22. Contact and the development of American English / Joseph C. Salmons and Thomas C. Purnell -- 23. Contact Englishes and creoles in the Caribbean / Edgar W. Schneider -- 24. Contact and Asian varieties of English / Umberto Ansaldo -- 25. Contact and African Englishes / Rajend Mesthrie -- 26. Contact and the Celtic languages / Joseph F. Eska -- 27. Spanish and Portuguese in contact / John M. Lipski -- 28. Contact and the development of the Slavic languages / Lenore A. Grenoble -- 29. Contact and the Finno-Ugric languages / Johanna Laakso -- 30. Language contact in the Balkans / Brian D. Joseph -- 31. Contact and the development of Arabic / Kees Versteegh -- 32. Turkic language contacts / Lars Johanson -- 33. Contact and North American languages / Marianne Mithun -- 34. Language contact in Africa, a selected review / G. Tucker Childs -- 35. Contact and Siberian languages / Brigitte Pakendorf -- 36. Language contact in South Asia / Harold F. Schiffman -- 37. Language contact and Chinese / Stephen Matthews -- 38. Contact and indigenous languages in Australia / Patrick McConvell -- 39. Language contact in the New Guinea region / William A. Foley -- 40. Contact languages of the Pacific / Jeff Siegel.</subfield>
  </datafield>
  <datafield tag="650" ind1=" " ind2="0">
   <subfield code="a">Languages in contact</subfield>
   <subfield code="v">Handbooks, manuals, etc.</subfield>
  </datafield>
  <datafield tag="700" ind1="1" ind2=" ">
   <subfield code="a">Hickey, Raymond</subfield>
   <subfield code="d">1954-.</subfield>
  </datafield>
  <datafield tag="852" ind1="0" ind2=" ">
   <subfield code="a">UPBAG</subfield>
   <subfield code="b">UPBAG-MAIN</subfield>
   <subfield code="h">P 130.5 H36</subfield>
  </datafield>
  <datafield tag="942" ind1=" " ind2=" ">
   <subfield code="a">Book</subfield>
  </datafield>
 </record>
</collection>
